LIBRARY & INFORMATION CENTRE, KCAET, TAVANUR

ONLINE PUBLIC ACCESS CATALOGUE (OPAC)

Elements of heat engines / (Record no. 2232)

MARC details
000 -LEADER
fixed length control field 00463cam a2200193ua 4500
041 ## - LANGUAGE CODE
Language code of text/sound track or separate title eng
082 ## - DEWEY DECIMAL CLASSIFICATION NUMBER
Classification number 621.4025
Item number PAN/EL
100 ## - MAIN ENTRY--AUTHOR NAME
Personal name Pandya, N.C .
245 ## - TITLE STATEMENT
Title Elements of heat engines /
250 ## - EDITION STATEMENT
Edition statement 5 /
260 ## - PUBLICATION, DISTRIBUTION, ETC. (IMPRINT)
Place of publication :
Name of publisher Charotar book stall ,
Year of publication 1966.
300 ## - PHYSICAL DESCRIPTION
Number of Pages 672 ; .
490 0# - SERIES STATEMENT
Series statement 17.50,
Volume number/sequential designation
700 1# - ADDED ENTRY--PERSONAL NAME
Personal name Shah, C.S .
942 ## - ADDED ENTRY ELEMENTS (KOHA)
Koha item type Books
Holdings
Withdrawn status Lost status Damaged status Home library Current library Date acquired Cost, normal purchase price Full call number Accession Number Koha item type
Withdrawn     KAUAET KAUAET 07/04/2012 17.50 621.4025 7791 Books
Withdrawn Lost and Paid For   KAUAET KAUAET 17/07/2020 17.50 621.4025 PAN/EL 7790 Books
Withdrawn   Damaged KAUAET KAUAET 17/07/2020 17.50 621.4025 PAN/EL 7792 Books
free website counter